Hurdles to success / (Record no. 38216)

MARC details
000 -LEADER
fixed length control field 00651nam a22001937a 4500
005 - DATE AND TIME OF LATEST TRANSACTION
control field 20100730115348.0
010 ## - LCCN (DPL NO)
LC control number ENG-97018
020 ## - INTERNATIONAL STANDARD BOOK NUMBER
International Standard Book Number 9788178440873
Terms of availability 250.00
035 ## - SYSTEM CONTROL NUMBER
System control number EN-80551
037 ## - SOURCE OF ACQUISITION
Source of stock number/acquisition DBAD/PUB
082 ## - DEWEY DECIMAL CLASSIFICATION NUMBER
Classification number 158.1
100 ## - MAIN ENTRY--PERSONAL NAME
Personal name Vohra, B.L.
245 ## - TITLE STATEMENT
Title Hurdles to success /
Statement of responsibility, etc by B.L.Vohra
260 ## - PUBLICATION, DISTRIBUTION, ETC. (IMPRINT)
Place of publication, distribution, etc New Delhi
Name of publisher, distributor, etc K.K.Publications
Date of publication, distribution, etc 2010
270 ## - ADDRESS
Address 4806/24, Bharat Ram Road Daryaganj
City New Delhi
Postal code 110002
300 ## - PHYSICAL DESCRIPTION
Extent 128p.
Dimensions 22cm (Hb)
942 ## - ADDED ENTRY ELEMENTS (KOHA)
Source of classification or shelving scheme Dewey Decimal Classification
Item type English Books
Classification part 158.1
Call number suffix VOH
Holdings
Withdrawn status Lost status Not for loan Collection code Home library Current library Date acquired Source of acquisition Cost, normal purchase price Full call number Barcode Copy number Cost, replacement price Koha item type
    Not For Loan Non-fiction D.B.Act.Division D.B.Act.Division 30/07/2010 DBAD/PUB 250.00 158.1 EN-80551 1 250.00 English Books

© Delhi Public Library
Hit Counter
free hit counter